Obálka Náhled e-knihy:
PDF Epub
Pro půjčování e-knih musíte být přihlášeni.
Jak si půjčit online?

Smrt v Benátkách /

Novela o osudové touze, kráse a tenké hranici mezi obdivem a sebezničením. Uznávaný spisovatel Gustav von Aschenbach odjíždí do Benátek, aby zde nalezl klid a inspiraci. Místo toho ho okouzlí mladý Tadzio a město zahalené krásou i hrozbou zkázy. Smrt v Benátkách je podmanivý příběh o vášni, která ro...

Celý popis

Uloženo v:
Hlavní autor: Mann, Thomas (Autor)
Médium: E-kniha
Jazyk:Czech
Vydáno: Praha : Albatros Media a.s., 2026
Tagy:
Žádné tagy
LEADER 01482nam a22002297i 4500
001 303393
007 ta
008 260519s2026 xr ||||| |||| 00| 0 cze d
020 |a 9788026742234 
044 |a xr 
100 1 |a  Mann, Thomas  |4 aut 
245 1 0 |a Smrt v Benátkách /  |c  Mann, Thomas 
240 1 0 |a Der Tod in Venedig 
264 1 |a Praha :  |b Albatros Media a.s.,  |c 2026 
300 |a 1 online zdroj (128 stran) 
336 |a text  |b txt  |2 rdacontent 
337 |a bez média  |b n  |2 rdamedia 
338 |a online zdroj  |b cr  |2 rdacarrier 
520 2 |a Novela o osudové touze, kráse a tenké hranici mezi obdivem a sebezničením. Uznávaný spisovatel Gustav von Aschenbach odjíždí do Benátek, aby zde nalezl klid a inspiraci. Místo toho ho okouzlí mladý Tadzio a město zahalené krásou i hrozbou zkázy. Smrt v Benátkách je podmanivý příběh o vášni, která rozrušuje řád, o pomíjivosti ideálů i o odvaze pohlédnout do vlastního nitra. Novela vychází v novém překladu Radka Malého a je doplněná o doslov Vratislava Maňáka. 
910 |a RBIT002 
998 |d 427176  |a https://core.palmknihy.cz/api/books/427176/cover?tf3q0t  |b https://core.palmknihy.cz/api/books/427176/cover/400?tf3q0t  |c https://core.palmknihy.cz/api/books/427176/cover/50?tf3q0t  |e 2035-12-31  |g 128  |i 9788026742234  |j https://core.palmknihy.cz/api/books/427176/preview.epub  |k https://core.palmknihy.cz/api/books/427176/preview.pdf  |l   |q 49  |r 1  |s https://www.palmknihy.cz/kniha/427176  |t ebook  |y 2026  |z 1 
999 |d 303391